| 000 | 00651nam a22002057a 4500 | ||
|---|---|---|---|
| 999 |
_c12431 _d12431 |
||
| 003 | AR-CdUCM | ||
| 008 | 190408b ||||| |||| 00| 0 spa d | ||
| 040 |
_aMUNICIPALIDAD PROVINCIAL DEL CUSCO _cBIBLIOTECA MUNICIPAL DEL CUSCO |
||
| 082 |
_a860.9 / _bE82 / 1950 |
||
| 100 |
_aEstrella Gutierres, Fermin _930278 |
||
| 245 | _aHistoria de la literatura española : | ||
| 260 |
_aBuenos Aires : _bEds. Kapelusz & Cía, _c1950. |
||
| 300 |
_a769 paginas ; _c21 cm. |
||
| 505 | _aContenido :Poesía / | ||
| 650 |
_aLiteratura española _9362 |
||
| 650 |
_aHistoria _9136 |
||
| 650 |
_aCritica _9666 |
||
| 942 |
_2ddc _cLIBROS |
||
| 945 |
_arjall _d2019-04-08 |
||